000 00647nam a2200205Ii 4500
003 JO-AjNU
008 230605s9999||||xx |||||||||||||| ||und||
040 _aJO-AjNU
_bara
_erda
_cJO-AjNU
041 _aara
050 1 4 _aHF 5655 1987
100 3 _aالمضف، جاسم ، م.مشارك: بدر مال الله,
_eauthor
_945724
245 0 0 _aالمرشد في المحاسبة المالية
250 _aط1
264 3 1 _aالكويت: د.ن، 1987
300 _a582ص
336 _atext
_btxt
_2rdacontent
337 _aunmediated
_bn
_2rdamedia
338 _avolume
_bnc
_2rdacarrier
650 4 _aالمحاسبة المالية
_945725
999 _aA19841
_c23409
_d23409